000 00683nam a22002177a 4500
003 OSt
005 20220107122806.0
008 151001b xxu||||| |||| 00| 0 eng d
020 _a9788122416626
040 _cIIITMK
082 _a004.678 BHU/I
100 _aBhunia, C. T.
_97887
245 _aInformation Technology Network and Internet
_b(Innovative single window book from base to research)
_cBhunia, C. T.
260 _aNew Delhi,
_bNew Age International,
_c2008.
300 _axii, 454p.
650 _aCOMPUTER SCIENCE
_97888
650 _aINFORMATION TECHNOLOGY
_97889
650 _aCOMMUNICATION NETWORKS
_97890
650 _aINTERNET TECHNOLOGY
_97891
942 _2ddc
_cBK
999 _c4850
_d4850